000 00488nam a2200169 i 4500
001 39573
003 ES-MaACL
005 20230906160030.0
007 t|
008 030303s1975 sp ||||1| spa d
100 1 _aCano Travado, Gerardo.
_934575
245 1 0 _aManifiesto contra el modernismo optimista /
_cGerardo Cano Travao.
260 _aBarcelona :
_b[s.n.,
_c1975]
300 _a210 p. ;
_c19 cm.
852 _aES-MaACL
_jL-1102
_bR.101443
852 _aES-MaACL
_jC-37211
_bR.101442
999 _c39573
_d39573